Celebrities With "Q" & "R" Names by Picture - Statistics

General Stats
  • This quiz has been taken 88 times
  • The average score is 9 of 14
Answer Stats
Picture Answer % Correct
Ryan Reynolds
95%
Robert Downey Jr.
91%
Ryan Gosling
90%
Robin Williams
86%
Robert Pattinson
77%
Quentin Tarantino
72%
Queen Latifah
69%
Ray Charles
68%
Robert De Niro
65%
Robert Redford
60%
Rachel McAdams
56%
Ryan Seacrest
38%
Robert Duvall
37%
Rose Byrne
14%
No matching quizzes found
Score Distribution
Percent of People with Each Score
Percentile by Number Answered
Your Score History
You have not taken this quiz